Sweet Patoodies 2/ (Record no. 10091)
[ view plain ]
| 000 -LEADER | |
|---|---|
| fixed length control field | 01218nam a22002177a 4500 |
| 001 - CONTROL NUMBER | |
| control field | 10091 |
| 003 - CONTROL NUMBER IDENTIFIER | |
| control field | FISKH |
| 005 - DATE AND TIME OF LATEST TRANSACTION | |
| control field | 20260407143425.0 |
| 008 - FIXED-LENGTH DATA ELEMENTS--GENERAL INFORMATION | |
| fixed length control field | 260407b cb ||||| |||| 00| 0 eng d |
| 040 ## - CATALOGING SOURCE | |
| Original cataloging agency | FISKH |
| Language of cataloging | eng |
| Transcribing agency | FISKH |
| Modifying agency | FISKH |
| 082 ## - DEWEY DECIMAL CLASSIFICATION NUMBER | |
| Classification number | 745.5 |
| 100 ## - MAIN ENTRY--PERSONAL NAME | |
| Personal name | Saylor, Sharon |
| 245 ## - TITLE STATEMENT | |
| Title | Sweet Patoodies 2/ |
| Statement of responsibility, etc. | Sharon Saylor's |
| 260 ## - PUBLICATION, DISTRIBUTION, ETC. | |
| Place of publication, distribution, etc. | Kentucky : |
| Name of publisher, distributor, etc. | Society of Decorative Painters, |
| Date of publication, distribution, etc. | 1994. |
| 300 ## - PHYSICAL DESCRIPTION | |
| Extent | 32 pages : |
| Other physical details | color illustrations ; |
| Dimensions | 28 cm |
| 520 ## - SUMMARY, ETC. | |
| Summary, etc. | Sweet Patoodies 2 by Sharon Saylor is a craft and decorative painting pattern book, part of the “Sweet Patoodies” series popular among tole painting and decorative arts enthusiasts. The book contains patterns, step‑by‑step instruction images, and color photos suitable for creating sweet‑themed painted projects on wood, signs, plaques, or home decor items. Projects typically feature whimsical dessert motifs (“patoodies”), decorative flourishes, and designs suited to hobbyists interested in traditional painting techniques, seasonal crafts, or classroom craft activities. |
| 650 ## - SUBJECT ADDED ENTRY--TOPICAL TERM | |
| Topical term or geographic name entry element | Painting Decorative |
| Form subdivision | Technique & patterns |
| 651 ## - SUBJECT ADDED ENTRY--GEOGRAPHIC NAME | |
| Geographic name | Tole painting |
| Form subdivision | Patterns & instruction |
| 942 ## - ADDED ENTRY ELEMENTS (KOHA) | |
| Source of classification or shelving scheme | Dewey Decimal Classification |
| Koha item type | Books |
| Suppress in OPAC | No |
| Withdrawn status | Lost status | Source of classification or shelving scheme | Damaged status | Not for loan | Collection | Home library | Current library | Shelving location | Date acquired | Total Checkouts | Full call number | Barcode | Date last seen | Copy number | Price effective from | Koha item type |
|---|---|---|---|---|---|---|---|---|---|---|---|---|---|---|---|---|
| Dewey Decimal Classification | Reference | Footprints International School Library Network Toul Tom Poung Campus | Footprints International School Library Network Toul Tom Poung Campus | Librarian's Shelf TTP | 04/07/2026 | SAY 745.5 | FISBK06119 | 04/07/2026 | 1 | 04/07/2026 | Books |
